LEADER 01162nam 2200385 450 001 9910397945903321 005 20221018191217.0 010 $a1-56564-873-0 035 $a(CKB)4100000008707093 035 $a(NjHacI)994100000008707093 035 $a(EXLCZ)994100000008707093 100 $a20220920d1998 uy 0 101 0 $aeng 135 $aur||||||||||| 181 $ctxt$2rdacontent 182 $cc$2rdamedia 183 $acr$2rdacarrier 200 00$aProceedings of the IIIT Lunar Calendar Conference /$fedited by Imad-ad-Dean Ahmad 205 $aSecond edition. 210 1$a[Place of publication not identified] :$cInternational Institute of Islamic Thought,$d1998. 215 $a1 online resource (152 pages) 606 $aLunar calendars 606 $aIslamic calendar 606 $aCalendar 615 0$aLunar calendars. 615 0$aIslamic calendar. 615 0$aCalendar. 676 $a529.327 702 $aAhmad$b Imad-ad-Dean$f1948- 801 0$bNjHacI 801 1$bNjHacl 906 $aBOOK 912 $a9910397945903321 996 $aProceedings of the IIIT Lunar Calendar Conference$92920629 997 $aUNINA LEADER 01025nam 2200349 450 001 996280515803316 005 20231207081124.0 010 $a0-7381-0668-2 035 $a(CKB)3780000000090021 035 $a(NjHacI)993780000000090021 035 $a(EXLCZ)993780000000090021 100 $a20231207d1995 uy 0 101 0 $aeng 135 $aur||||||||||| 181 $ctxt$2rdacontent 182 $cc$2rdamedia 183 $acr$2rdacarrier 200 10$aIEEE Std 1193-1994 $eIEEE Guide for Measurement of Environmental Sensitivities of Standard Frequency Generators /$fIEEE 210 1$a[Place of publication not identified] :$cIEEE,$d1995. 215 $a1 online resource 517 $aIEEE Std 1193-1994 606 $aTime measurements 606 $aAtomic clocks 615 0$aTime measurements. 615 0$aAtomic clocks. 676 $a529.7 801 0$bNjHacI 801 1$bNjHacl 906 $aDOCUMENT 912 $a996280515803316 996 $aIEEE Std 1193-1994$93647008 997 $aUNISA